<?xml version="1.0" encoding="UTF-8"?>
<record
    xmlns:xsi="http://www.w3.org/2001/XMLSchema-instance"
    xsi:schemaLocation="http://www.loc.gov/MARC21/slim http://www.loc.gov/standards/marcxml/schema/MARC21slim.xsd"
    xmlns="http://www.loc.gov/MARC21/slim">

  <leader>00812cam a22002171  4500</leader>
  <controlfield tag="001">he 66000247 </controlfield>
  <controlfield tag="003">DLC</controlfield>
  <controlfield tag="005">20260227111435.0</controlfield>
  <controlfield tag="008">850131s1965    is            000 0 heb  </controlfield>
  <datafield tag="010" ind1=" " ind2=" ">
    <subfield code="a">he 66000247 </subfield>
  </datafield>
  <datafield tag="035" ind1=" " ind2=" ">
    <subfield code="a">(OCoLC)19193748</subfield>
  </datafield>
  <datafield tag="040" ind1=" " ind2=" ">
    <subfield code="a">DLC</subfield>
    <subfield code="c">MH</subfield>
    <subfield code="d">FU</subfield>
    <subfield code="d">DLC</subfield>
  </datafield>
  <datafield tag="050" ind1="0" ind2="0">
    <subfield code="a">Z8813.4</subfield>
    <subfield code="b">.L3</subfield>
  </datafield>
  <datafield tag="245" ind1="0" ind2="0">
    <subfield code="a">Kitve Mosheh Sharet :</subfield>
    <subfield code="b">bibliyografyah 680-725, 1920-1965... /</subfield>
    <subfield code="c">&#x2BB;arukhah bi-yede Shemu&#x2BC;el La&#x1E25;over ; ha&#x1E33;damah me-et Aba Even.</subfield>
  </datafield>
  <datafield tag="260" ind1=" " ind2=" ">
    <subfield code="a">[Jerusalem] :</subfield>
    <subfield code="b">ha-Histadrut ha-Tsiyonit ha-&#x2BB;olamit, Ma&#x1E25;le&#x1E33;et ha-hasbarah,</subfield>
    <subfield code="c">725, 1965.</subfield>
  </datafield>
  <datafield tag="300" ind1=" " ind2=" ">
    <subfield code="a">59 p. :</subfield>
    <subfield code="b">port. ;</subfield>
    <subfield code="c">25 cm.</subfield>
  </datafield>
  <datafield tag="500" ind1=" " ind2=" ">
    <subfield code="a">Added t.p.: The writings of Moshe Sharett; a bibliography, 1920-1965.</subfield>
  </datafield>
  <datafield tag="600" ind1="1" ind2="0">
    <subfield code="a">Sharett, Moshe,</subfield>
    <subfield code="d">1894-1965</subfield>
    <subfield code="v">Bibliography.</subfield>
  </datafield>
  <datafield tag="700" ind1="1" ind2=" ">
    <subfield code="a">Lachower, Shmuel,</subfield>
    <subfield code="e">ed.</subfield>
  </datafield>
  <datafield tag="752" ind1=" " ind2=" ">
    <subfield code="a">Israel</subfield>
    <subfield code="d">Jerusalem</subfield>
  </datafield>
  <datafield tag="999" ind1=" " ind2=" ">
    <subfield code="c">31500</subfield>
    <subfield code="d">31500</subfield>
  </datafield>
</record>
